La responsabilidad social de la universidad (Record no. 126681)

MARC details
000 -LEADER
campo de control de longitud fija 00784nam a2200217 4500
001 - NÚMERO DE CONTROL
campo de control 126681
003 - IDENTIFICADOR DE NÚMERO DE CONTROL
campo de control ES-MaACL
005 - FECHA Y HORA DE LA ÚLTIMA TRANSACCIÓN
campo de control 20230906192847.0
007 - CAMPO FIJO DE DESCRIPCIÓN FÍSICA--INFORMACIÓN GENERAL
campo de control de longitud fija t|
008 - DATOS DE LONGITUD FIJA--INFORMACIÓN GENERAL
campo de control de longitud fija 070214s1966 sp r ||||1| spa d
110 2# - ENTRADA PRINCIPAL--NOMBRE DE ENTIDAD CORPORATIVA
Nombre de entidad corporativa o nombre de jurisdicción como elemento de entrada Pax Romana-MIIC.
Unidad subordinada Congreso Mundial (
Sede del congreso/Lugar de la reunión Montevideo (
Fecha del congreso o de la firma del tratado 1962).
Número del congreso/reunión o número de parte o sección 25º)
9 (RLIN) 186682
245 13 - MENCIÓN DEL TÍTULO
Título La responsabilidad social de la universidad
Resto del título : [actas del XXV Congreso Mundial de Pax Romana, Montevideo] /
Mención de responsabilidad, etc. textos preparados y ordenados por Joan E. Jarque.
250 ## - MENCION DE EDICION
Mención de edición 1ª ed.
260 ## - PUBLICACIÓN, DISTRIBUCIÓN, ETC.
Lugar de publicación, distribución, etc. Barcelona :
Nombre del editor, distribuidor, etc. Estela,
Fecha de publicación, distribución, etc. 1966.
300 ## - DESCRIPCIÓN FÍSICA
Extensión 109 p. ;
Dimensiones 20 cm.
490 1# - MENCIÓN DE SERIE
Mención de serie Cristianismo y Tiempo ;
Designación de volumen o secuencia 37
700 1# - ENTRADA AGREGADA--NOMBRE PERSONAL
Nombre de persona Jarque i Jutglar, Joan E.
9 (RLIN) 66138
830 0# - PUNTO DE ACCESO ADICIONAL DE SERIE-TÍTULO UNIFORME
Título uniforme Cristianismo y Tiempo ;
Designación de volumen o secuencia 37
9 (RLIN) 181569
852 ## - LOCALIZACIÓN
Ubicación ES-MaACL
Número de control de estantería C-30428
Sublocalización o colección R.60609
Holdings
Estatus retirado Estado de pérdida Estado de daño No para préstamo Biblioteca de origen Biblioteca actual Ubicación en estantería Fecha de adquisición Fuente de adquisición Total de préstamos Signatura topográfica completa Código de barras Visto por última vez Precio de reemplazo Tipo de ítem Koha
        Biblioteca del Ateneo de Madrid Biblioteca del Ateneo de Madrid Depósito 2 17/01/2008     C-30428 1131951 23/02/2023 23/02/2023 Libro impreso